Most Appeared Characters in Brooklyn Nine-Nine - Statistics

General Stats
  • This quiz has been taken 35 times
  • The average score is 15 of 36
Answer Stats
Hint Answer % Correct
153 Amy Santiago
100%
153 Jake Peralta
100%
153 Charles Boyle
97%
153 Raymond Holt
97%
153 Terry Jeffords
97%
153 Rosa Diaz
93%
119 Gina Linetti
90%
153 Hitchcock
87%
153 Scully
77%
18 Kevin Cozner
73%
9 Doug Judy
67%
12 Madeline Wuntch
60%
9 Keith 'The Vulture' Pembroke
50%
13 Adrian Pimento
37%
7 Bill Hummertrout
37%
5 Sharon Jeffords
37%
4 Sophia Perez
37%
5 Jason Stentley
30%
6 Nikolaj Boyle
30%
7 Teddy Wells
30%
4 John Kelly
23%
6 Marcus
23%
4 Lynn Boyle
20%
5 Vivian Hudley
20%
4 Caleb John Gosche
17%
4 Roger Peralta
17%
4 Sam Boyle
17%
4 Frank O'Sullivan
10%
4 Melanie Hawkins
10%
4 Officer Mark
10%
4 Milep(clay)nos
7%
4 Carl Kurm
3%
5 Genevieve Mirren-Carter
3%
6 Hank
3%
5 Dr. Oliver Cox
0%
5 Officer Lou
0%
No matching quizzes found
Score Distribution
Percent of People with Each Score
Percentile by Number Answered
Your Score History
You have not taken this quiz